Vista normal
Vista MARC
Entrada Topical Term
Número de registros utilizados en: 1
001 - CONTROL NUMBER
- control field: 41188
003 - CONTROL NUMBER IDENTIFIER
- control field: OSt
005 - DATE AND TIME OF LATEST TRANSACTION
- control field: 20211015095721.0
008 - FIXED-LENGTH DATA ELEMENTS
- fixed length control field: 211015|| aca||aabn | a|a d
040 ## - CATALOGING SOURCE
- Original cataloging agency: OSt
- Transcribing agency: OSt
150 ## - HEADING--TOPICAL TERM
- Topical term or geographic name entry element: Acción económica
670 ## - SOURCE DATA FOUND
- Source citation: Work cat.: (OSt)12677: Betetta, Ramon autor 28910, Tres años de política hacendaria 1947/1948/1949 : , 1951